| 000 | 00675nam a22001937a 4500 | ||
|---|---|---|---|
| 999 |
_c171191 _d171191 |
||
| 005 | 20200108122012.0 | ||
| 010 | _aA-142485 | ||
| 020 |
_c- _a- |
||
| 035 | _aA-142485 | ||
| 037 |
_bDBAD/PUB _a- |
||
| 082 | _a841.09 | ||
| 100 | _aعر فا ن عبا سی | ||
| 245 |
_aتز کر ہ شعر ا ۓ ا تر پر د يش 1930ء-1982 _cعر فا ن عبا سی |
||
| 246 |
_bTazkara-e-Shora-e-Uttar Pardesh 1930-1982 (Urdu) _aby Irfan Abbasi |
||
| 260 |
_aLucknow _bFakhruddin Ali Ahmed Memorial Comettee _c1983 ء |
||
| 270 |
_aDanish Mahel,Ameen Udola Park, _bLucknow _e- _k- _l- |
||
| 300 |
_a328 ص _c22 Cm(Hb) |
||
| 942 |
_2ddc _cUR _h841.09 _mع ر ف |
||